Impact of Aasara Pension on Differently Abled Tribal Persons/ (Record no. 186903)

MARC details
000 -LEADER
fixed length control field 00621nam a22001817a 4500
005 - DATE AND TIME OF LATEST TRANSACTION
control field 20220322172004.0
010 ## - LCCN (DPL NO)
LC control number ENG-132080
020 ## - INTERNATIONAL STANDARD BOOK NUMBER
International Standard Book Number 9789391766047
Terms of availability 795.00
035 ## - SYSTEM CONTROL NUMBER
System control number EN-115612
037 ## - SOURCE OF ACQUISITION
Source of stock number/acquisition DBAD/PUB
082 ## - DEWEY DECIMAL CLASSIFICATION NUMBER
Classification number 331.2522
100 ## - MAIN ENTRY--PERSONAL NAME
Personal name Suresh, Devath
245 ## - TITLE STATEMENT
Title Impact of Aasara Pension on Differently Abled Tribal Persons/
Statement of responsibility, etc Devath Suresh
260 ## - PUBLICATION, DISTRIBUTION, ETC. (IMPRINT)
Place of publication, distribution, etc New Delhi
Name of publisher, distributor, etc Atharv Publications
Date of publication, distribution, etc 2021
270 ## - ADDRESS
Address 110, 1st Floor, Gali No. 4, Harphool Vihar, Bapraula
City New Delhi
Postal code 110043
Electronic mail address atharvpublications@gmail.com
300 ## - PHYSICAL DESCRIPTION
Extent 218p
Other physical details Index
Dimensions 23cm(hbk)
942 ## - ADDED ENTRY ELEMENTS (KOHA)
Source of classification or shelving scheme Dewey Decimal Classification
Item type English Books
Call number suffix SUR
Classification part 331.2522
Holdings
Withdrawn status Lost status Not for loan Collection code Home library Current library Date acquired Source of acquisition Cost, normal purchase price Full call number Barcode Copy number Cost, replacement price Koha item type
      Non-fiction Patel Nagar Patel Nagar 22/03/2022 DBAD/PUB 795.00 331.2522 SUR EN-115612 1 795.00 English Books

© Delhi Public Library
Hit Counter
free hit counter